| 000 | 00398nam a2200157Ia 4500 | ||
|---|---|---|---|
| 005 | 20250729165412.0 | ||
| 008 | 250729s2007 xx 000 0 und d | ||
| 041 | _aeng | ||
| 082 | _a371.4 KAMT | ||
| 100 |
_aKamat H D _9222948 |
||
| 245 | _aTechnical EDucation | ||
| 260 |
_aNew Delhi _bCrescent Publication _c2007 |
||
| 300 | _a207p | ||
| 650 |
_aTechnology _9222949 |
||
| 700 |
_aDavid A _9222950 |
||
| 999 |
_c235681 _d235681 |
||